Sports Quiz

Random Sports Quiz

Yankee Players With 5+ Seasons Of 100+ RBI Or R Quiz Stats

 Plays Quiz not verified by Sporcle

Support Sporcle.
Go Orange.
Score 0/20 Timer 02:00
0 Plays Today
Years & Primary Position Player % Correct
1920- 1921, 1923- 1924, 1926- 1933: OFBabe Ruth
98.6%
1926- 1938: 1BLou Gehrig
98.6%
1920- 1921, 1923- 1924, 1926- 1932: OFBabe Ruth
98.6%
1926- 1938: 1BLou Gehrig
98.6%
1936- 1942, 1948, 1950: OFJoe DiMaggio
97.3%
1936- 1939, 1941- 1942, 1948, 1950Joe DiMaggio
97.3%
2004- 2010: 3BAlex Rodriguez
95.9%
1996- 2002, 2004- 2007, 2009- 2010: SSDerek Jeter
95.9%
2004- 2008: 3BAlex Rodriguez
95.9%
1950, 1953, 1954- 1956: CYogi Berra
94.6%
Years & Primary Position Player % Correct
1984- 1987, 1989: 1BDon Mattingly
94.6%
1996- 1997, 1999- 2000, 2002: OFBernie Williams
93.2%
1996- 2002, 2004: OFBernie Williams
93.2%
1953- 1961: OFMickey Mantle
91.9%
1996- 1999, 2001: 1BTino Martinez
89.2%
1982- 1984, 1985- 1986, 1988: OFDave Winfield
87.8%
1926- 1927, 1929- 1930, 1932- 1933, 1936: 2BTony Lazzeri
83.8%
1921, 1924- 1925, 1927- 1928: OFBob Meusel
64.9%
1935- 1941: 3BRed Rolfe
41.9%
1925- 1931: OFCharlie Keller
27%

You're not logged in!

Compare scores with friends on all Sporcle quizzes.
OR
Log In

From the Vault

One Subcategory in 15 Categories - Europe

by MrWhiplash

Fifteen categories, forty-seven countries.
Remove Ads.
Support Sporcle.
Get the best of Sporcle when you Go Orange. This ad-free experience offers more features, more stats, and more fun while also helping to support Sporcle. Thank you for becoming a member.

Show Comments

Extras

Created Feb 1, 2016ReportNominate
Tags:100, Player, Primary, rbi, season, total

Top Quizzes Today


Score Distribution

Your Account Isn't Verified!

In order to create a playlist on Sporcle, you need to verify the email address you used during registration. Go to your Sporcle Settings to finish the process.

Report this User

Report this user for behavior that violates our Community Guidelines.

Details: